• 首页
  • 本馆介绍
  • 公告通知
  • 最新文献
  • 馆藏检索
  • 电子资源
  • 读者导购
  • 参考咨询
  • 我的图书馆
  • 登录
  • 详细信息显示
  • 放入我的书架
  • 预约/预借图书
  • 作者相关作品
  • 分类相关作品
  • 丛书相关作品
  • 出版社相关作品

书目信息

  • 表格格式
  • 工作单格式
  • 卡片格式
题名:
图书选题策划学
    
 
作者: 宋连生 主编
分册:  
出版信息: 北京   中国水利水电出版社  2006
页数: 213页
开本: 21cm
丛书名:
单 册:
中图分类: G232.1
科图分类:
主题词: 图书--选题计划 , 图书 , 选题计划
电子资源:
ISBN: 7-5084-3473-0
000 00732nam0 2200241 450
001 1160849989
005 20111005165450.78
010    @a7-5084-3473-0@dCNY16.00
100    @a20060124d2006 em y0chiy50 ea
101 0  @achi
102    @aCN@b110000
105    @ay z 000yy
200 1  @a图书选题策划学@Atu shu xuan ti ce hua xue@f宋连生主编
210    @a北京@c中国水利水电出版社@d2006
215    @a213页@d21cm
330    @a本书内容包括:图书选题策划的战略与策略、策划精品图书、策划畅销书、策划长销书、系统性的图书选题策划等。
606 0  @a图书@x选题计划
606 0  @a图书
606 0  @a选题计划
690    @aG232.1@v4
701  0 @a宋连生@Asong lian sheng@4主编
801  0 @aCN@bNLC@c20101222
905    @a10447@dG232.1@eJY55
    
    图书选题策划学/宋连生主编.-北京:中国水利水电出版社,2006
    213页;21cm
    
    
    ISBN 7-5084-3473-0:CNY16.00
    本书内容包括:图书选题策划的战略与策略、策划精品图书、策划畅销书、策划长销书、系统性的图书选题策划等。
●
相关链接 在E读中查询图书 在五车中查询图书 在当当中查询图书 在豆瓣中查询图书


正题名:图书选题策划学     索取号:G232.1/JY55         预约/预借

序号 登录号 条形码 馆藏地/架位号 状态 备注
1 7814703   278147033   学院路分馆/ [索取号:G232.1/JY55] 在馆    
2 7814704   278147042   学院路分馆/ [索取号:G232.1/JY55] 在馆    
唐山师范学院图书馆 欢迎您!
大连网信软件有限公司© 版权所有